00338nam a22001577a 4500003000400000005001700004008004100021020001500062040000700077082001300084100001900097245003500116250000800151260001300159300000800172OSt20220114105714.0220114b |||||||| |||| 00| 0 eng d a0131416782 cHU a531.3024 aHibbeler R, C. aEngineering Mechanics Dynamics a3ed aUSAbUSA f688